Arte de la lectura (teoría) / (Record no. 152209)

MARC details
000 -LEADER
campo de control de longitud fija 01045nam a2200289 i 4500
001 - NÚMERO DE CONTROL
campo de control 152209
003 - IDENTIFICADOR DE NÚMERO DE CONTROL
campo de control ES-MaACL
005 - FECHA Y HORA DE LA ÚLTIMA TRANSACCIÓN
campo de control 20230906204559.0
008 - DATOS DE LONGITUD FIJA--INFORMACIÓN GENERAL
campo de control de longitud fija 931025s1898 sp |||| | spa d
080 ## - NÚMERO DE LA CLASIFICACIÓN DECIMAL UNIVERSAL
Número de la Clasificación Decimal Universal 372.4(07)
100 1# - ENTRADA PRINCIPAL--NOMBRE DE PERSONA
Nombre de persona Blanco y Sánchez, Rufino.
9 (RLIN) 29311
245 10 - MENCIÓN DEL TÍTULO
Título Arte de la lectura (teoría) /
Mención de responsabilidad, etc. por Rufino Blanco y Sanchez ; con una introducción sobre el lenguaje por José María Bris y Sanchez.
250 ## - MENCION DE EDICION
Mención de edición 3ª ed.
260 ## - PUBLICACIÓN, DISTRIBUCIÓN, ETC.
Lugar de publicación, distribución, etc. Madrid :
Nombre del editor, distribuidor, etc. [s.n.],
Fecha de publicación, distribución, etc. 1898 (
Fabricante Imprenta Agustin Avrial)
300 ## - DESCRIPCIÓN FÍSICA
Extensión LVI, 416 p., [1] h. de grab. ;
Dimensiones 18 cm.
490 1# - MENCIÓN DE SERIE
Mención de serie Lengua castellana
500 ## - NOTA GENERAL
Nota general Apéndices: pp. 380-408.
504 ## - NOTA DE BIBLIOGRAFÍA, ETC.
Nota de bibliografía, etc. Bibliogr. : pp. 1-15.
597 ## - NOTA DE DESCRIPCIÓN FÍSICA
NOTA DE DESCRIPCIÓN FÍSICA Antep.
597 ## - NOTA DE DESCRIPCIÓN FÍSICA
NOTA DE DESCRIPCIÓN FÍSICA Port. con grab. xil.
599 ## - NOTA A LAS ILUSTRACIONES
NOTA A LAS ILUSTRACIONES La h. de grab. entre p. 286 y 287, retrato de Ernesto Legoure.
650 #4 - PUNTO DE ACCESO ADICIONAL DE MATERIA--TÉRMINO DE MATERIA
Término de materia o nombre geográfico como elemento de entrada Lectura-
Subdivisión de forma Libros escolares.
9 (RLIN) 14067
700 1# - ENTRADA AGREGADA--NOMBRE PERSONAL
Nombre de persona Bris y Sánchez, José María.
9 (RLIN) 31783
830 0# - PUNTO DE ACCESO ADICIONAL DE SERIE-TÍTULO UNIFORME
Título uniforme Lengua castellana
9 (RLIN) 221303
852 ## - LOCALIZACIÓN
Ubicación ES-MaACL
Número de control de estantería F-10004
Nota libre -- Enc. pasta española
Holdings
Estatus retirado Estado de pérdida Estado de daño No para préstamo Colección Biblioteca de origen Biblioteca actual Ubicación en estantería Fecha de adquisición Fuente de adquisición Total de préstamos Signatura topográfica completa Código de barras Visto por última vez Precio de reemplazo Tipo de ítem Koha
        Libros del s. XIX Biblioteca del Ateneo de Madrid Biblioteca del Ateneo de Madrid Sala Pecera Planta 2 17/01/2008     F-10004 1158906 23/02/2023 23/02/2023 Libro impreso antiguo